Amazing powers / (Record no. 2003)

MARC details
000 -LEADER
fixed length control field 01450cam a22003974a 4500
001 - CONTROL NUMBER
control field 2003
003 - CONTROL NUMBER IDENTIFIER
control field FISKH
005 - DATE AND TIME OF LATEST TRANSACTION
control field 20231101144421.0
008 - FIXED-LENGTH DATA ELEMENTS--GENERAL INFORMATION
fixed length control field 080226s2007 nyua j 001 0 eng d
010 ## - LIBRARY OF CONGRESS CONTROL NUMBER
LC control number 2008270449
020 ## - INTERNATIONAL STANDARD BOOK NUMBER
International Standard Book Number 9781405328500 (pbk.)
020 ## - INTERNATIONAL STANDARD BOOK NUMBER
International Standard Book Number 1405328509 (pbk.)
020 ## - INTERNATIONAL STANDARD BOOK NUMBER
International Standard Book Number 9780756634940
020 ## - INTERNATIONAL STANDARD BOOK NUMBER
International Standard Book Number 0756634954 (hb.)
035 ## - SYSTEM CONTROL NUMBER
System control number (OCoLC)ocn200517449
040 ## - CATALOGING SOURCE
Original cataloging agency Q2Z
Transcribing agency Q2Z
Modifying agency Q2Z
-- DLC
Language of cataloging eng
042 ## - AUTHENTICATION CODE
Authentication code lccopycat
050 00 - LIBRARY OF CONGRESS CALL NUMBER
Classification number PN6725
Item number .S364 2007
082 04 - DEWEY DECIMAL CLASSIFICATION NUMBER
Classification number 741.5973
Edition number 22
100 1# - MAIN ENTRY--PERSONAL NAME
Personal name Saunders Catherine.
245 10 - TITLE STATEMENT
Title Amazing powers /
Statement of responsibility, etc. written by Catherine Saunders.
246 18 - VARYING FORM OF TITLE
Title proper/short title Marvel heroes amazing powers
260 ## - PUBLICATION, DISTRIBUTION, ETC.
Place of publication, distribution, etc. New York :
Name of publisher, distributor, etc. DK Publishing,
Date of publication, distribution, etc. 2007.
300 ## - PHYSICAL DESCRIPTION
Extent 48 pages :
Other physical details color illustrations ;
Dimensions 23 cm
440 #0 - SERIES STATEMENT/ADDED ENTRY--TITLE
Title Marvel heroes
490 1# - SERIES STATEMENT
Series statement DK readers. 3, Reading alone
500 ## - GENERAL NOTE
General note Comic book
505 ## - FORMATTED CONTENTS NOTE
Formatted contents note Z'<br/>
520 ## - SUMMARY, ETC.
Summary, etc. Whose suit is reinforced with the metal Vibranium? Who loves climbing up walls? Who has unlimited strength? Discover these answers and all the amazing powers of your favourite Marvel Super Heroes. Meet the Guardians of the Galaxy, Spider-Man, Thor, The Hulk, Black Widow, Captain America and many more!
521 8# - TARGET AUDIENCE NOTE
Target audience note 1040<br/>
Source Lexile<br/>
521 8# - TARGET AUDIENCE NOTE
Target audience note Z'<br/>
Source Raz-Plus<br/>
650 #0 - SUBJECT ADDED ENTRY--TOPICAL TERM
Topical term or geographic name entry element Comic strip characters
Form subdivision Juvenile literature.
650 #0 - SUBJECT ADDED ENTRY--TOPICAL TERM
Topical term or geographic name entry element Heroes
Form subdivision Juvenile literature.
906 ## - LOCAL DATA ELEMENT F, LDF (RLIN)
a 7
b cbc
c copycat
d 2
e ncip
f 20
g y-gencatlg
942 ## - ADDED ENTRY ELEMENTS (KOHA)
Source of classification or shelving scheme Dewey Decimal Classification
Koha item type Books
Suppress in OPAC No
Holdings
Withdrawn status Lost status Source of classification or shelving scheme Damaged status Not for loan Collection Home library Current library Shelving location Date acquired Total Checkouts Full call number Barcode Date last seen Price effective from Koha item type
    Dewey Decimal Classification     Fiction Footprints International School Library Network Toul Kork Campus Footprints International School Library Network Toul Kork Campus A TK Campus, Comic Books (All Reading Levels), B401 Bookcase 1/2, Shelf 3 10/25/2023   SAU 741.5973 PN6725.S364 FISTK01430 10/25/2023 10/25/2023 Books